Countries that border a country that starts with E quiz - Statistics

General Stats
  • This quiz has been taken 60 times
    45 since last reset
  • The average score is 14 of 18
Answers on the Map
Answers color-coded by a green-red scale on the quiz's map according to % correct below.
 
Answer Stats
Answer % Correct
Sudan
91%
Latvia
88%
Somalia
88%
Colombia
84%
Kenya
84%
Peru
84%
Russia
84%
South Africa
84%
Djibouti
78%
South Sudan
78%
Mozambique
75%
Honduras
72%
Libya
72%
Guatemala
69%
Cameroon
66%
Gabon
66%
Israel
59%
Indonesia
56%
No matching quizzes found
Score Distribution
Percent of People with Each Score
Percentile by Number Answered
Your Score History
You have not taken this quiz since the last reset